000 00558nam a22001817a 4500
005 20251108165154.0
008 250721s2008 xx 000 0 ara d
082 1 4 _a810.905/أند
100 1 _aالأندلسي، ابن حزم
245 1 0 _aطوق الحمامة في الألفة و الألاف /
264 1 _aصيدا :
_bالمكتبة العصرية،
_c2008.
300 _a328ص.
650 1 7 _aالادب العربي
650 1 7 _aالرساال الادبيه
650 1 7 _aالعصر الاندلسي
942 _2ddc
_cBK
999 _c21245
_d21245